000 00592nam a2200169Ia 4500
008 100204s9999 xx 000 0 und d
082 _b27675
100 _aलाला आर. एम.
245 _a"जमशेटजी टाटा , भारत प्रेम"
250 _a0
260 _c2007
300 _a227
630 _a"जमशेटजी टाटा , भारत प्रेम"
700 _aसहस्त्रबुध्दे शिरीष
730 _a"जमशेटजी टाटा , भारत प्रेम"
942 _cBOOK
999 _c472855
_d472852